| 000 | 00470nam a22001697a 4500 | ||
|---|---|---|---|
| 005 | 20240822110155.0 | ||
| 008 | 240822b |||||||| |||| 00| 0 eng d | ||
| 020 | _a0409019038 | ||
| 041 | _aEnglish | ||
| 082 | _a349 LAW | ||
| 100 | _lEnglish | ||
| 245 | _aThe Lawyer's Yearbook | ||
| 260 |
_aDurban: _bButterworth Publishers (Pty) Ltd, _c2007 |
||
| 300 |
_b373 pages; _c18 cm. |
||
| 650 |
_aLegal practice _bLaw |
||
| 942 |
_cBK _6ALISON_BN_VRIES |
||
| 999 |
_c2782 _d2782 |
||